000 003200000a22001450004500
005 20120302064142.0
942 _cBOOK
100 _a Shree Rajneesh
245 _a Zen the path of paradox
250 _a 1st
260 _aPoona:Rajneesh foundation,1978.
300 _a362p..-ill
040 _aEng
650 _aParadox
999 _c361414
_d361411